MARC

LEADER 00000nam0a2200000 4500
001 192856
005 20231031181544.0
035 |a (RuTPU)RU\TPU\book\210286 
090 |a 192856 
100 |a 20110310d1956 m y0rusy50 ca 
101 0 |a rus 
102 |a RU 
105 |a a z 001zy 
200 1 |a Основы подземной гидравлики  |f И. А. Чарный 
210 |a Москва  |c Гостоптехиздат  |d 1956 
215 |a 260 с.  |c ил. 
320 |a Библиогр.: с. 250-257. 
610 1 |a гидравлика 
610 1 |a подземная гидравлика 
610 1 |a исторические сведения 
610 1 |a пористые среды 
610 1 |a скважины 
610 1 |a интерференция 
610 1 |a гидродинамика 
610 1 |a фильтрация 
610 1 |a движение 
610 1 |a краткие характеристики 
675 |a 556  |v 3 
700 1 |a Чарный  |b И. А.  |g Иссаак Абрамович 
801 1 |a RU  |b 63413507  |c 20110310 
801 2 |a RU  |b 63413507  |c 20111004  |g RCR 
942 |c BK